| 000 | 00861cam a2200217 4500 | ||
|---|---|---|---|
| 001 | WB3723-18 | ||
| 008 | 000000n2001 000 0 eng u | ||
| 035 | _a(Sirsi) u113051 | ||
| 245 | _aProperty investment: south coast | ||
| 260 | _c2001 | ||
| 490 |
_aSunday Business _v 10 June 2001, 34(1) |
||
| 520 | _aClassic holiday resorts offer a quality lifestyle and the opportunity for steady rental returns. The south coast housing market is growing as people move down from London to take advantage of cheaper house prices and improved quality of life. The buy-to-let market is also increasing as people seek investment opportunities. | ||
| 590 | _aWB | ||
| 650 | _aBUY-TO-LET | ||
| 650 | _aSOUTH COAST OF ENGLAND | ||
| 650 | _aHOUSING MARKET | ||
| 650 | _aPROPERTY INVESTMENT | ||
| 650 | _aHOUSE PRICES | ||
| 690 | _aHOUSING-INVESTMENT | ||
| 942 | _n0 | ||
| 999 |
_c67295 _d67295 |
||